Inovačný potenciál podniku cestovného ruchu bakalárska práca

Saved in:
Bibliographic Details
Main Author: Holubčíková, Barbora
Corporate Author: Obchodná fakulta EU. Katedra služieb a cestovného ruchu - zrušené
Other Authors: Kubičková, Viera, 1970-
Format: Book
Language:Slovak
Published: Bratislava 2011
Tags: Add Tag
No Tags, Be the first to tag this record!

MARC

LEADER 00000nbm a2200000 4500
001 0132003
005 20161109111425.4
041 0 |a slo 
044 |a SK 
245 1 0 |a Inovačný potenciál podniku cestovného ruchu  |b bakalárska práca  |c Barbora Holubčíková ; školiteľ: Viera Kubičková 
264 1 |a Bratislava  |c 2011 
300 |a 49 s. 
100 1 |a Holubčíková, Barbora 
700 1 |a Kubičková, Viera, 1970- 
710 2 |a Obchodná fakulta EU. Katedra služieb a cestovného ruchu - zrušené